000 00696nam a2200217 a 4500
001 000021430
005 20200930011326.0
008 100907s1962 sp r 000 e spa d
040 _aDO-SdBNP
_bspa
_cBNPHU
082 _a864.6
_bA996h
100 1 _aAzorín,
_d1873-1967.
_95278
245 1 0 _aHistoria y vida /
_cJosé Martínez Ruiz.
260 _aMadrid :
_bEspasa-Calpe,
_c1962.
300 _a217 [15] p. ;
_c18 cm.
490 1 _aAustral. Verde: ensayos y filosofía
_v1314
500 _aIncluye índice de autores.
650 4 _aEnsayos españoles
_93095
650 4 _aLiteratura española
_ySIGLO XX
_93326
830 0 _aAustral.
_pVerde: ensayos y filosofía ;
_v1314
_98733
049 _aBNGR
999 _c20930
_d20930